00694nam a2200229 a 4500001001300000003000900013005001700022008004100039020001000080082002100090100002000111245003600131260006200167300000800229500003500237505002100272700002000293902000800313942000700321952012100328999001500449nice12345678IN_TiNIC20260116011748.0050524s1960 hyda grp 000 0 eng  ac10000a305.6945097bSAC aSachar, Bhimsen aDelivered at the Annual Meeting aHyderabadbInst.Of Indo-Middle East Cultural Studiec1960 a12p aincludes index and biblioraphy2 aMap and Appendex1 aSachar, Bhimsen bSRS cBK 001040708StackRoom-aHMIbHMId2007-03-29g100.00l0o305.6945097 SACp06355r2007-03-29v100.00w2005-05-24yBK c3774d3774